Swish Swish - Katy Perry Feat. Nicki Minaj - All Lyrics - Statistics

General Stats
  • This quiz has been taken 66 times
  • The average score is 367 of 485
Answer Stats
Answer % Correct
da-ha
98%
I
98%
n***a
98%
Swish,
98%
swish,
98%
Swish
98%
swish
98%
A
96%
a
96%
aw,
96%
the
94%
The
94%
the...
94%
me
92%
Me
92%
my
92%
My
92%
on
92%
Yo,
92%
yo
92%
you
92%
You
92%
be
90%
bitch
90%
Can’t
90%
Can't
90%
(Can't
90%
is
90%
this
90%
this)
90%
to
90%
an
88%
in
88%
one
88%
one,
88%
one)
88%
and
86%
And
86%
(And
86%
Another
86%
another
86%
basket
86%
(Do
86%
don't
86%
don’t
86%
Don’t
86%
I'm
86%
I'ma
86%
no
86%
No,
86%
no,
86%
get
84%
Get
84%
touch
84%
what
84%
What
84%
All
82%
all
82%
bish
82%
They
82%
they
82%
not
80%
know
78%
know?)
78%
So
78%
so
78%
up
78%
your
78%
Your
78%
'em
76%
it
76%
just
76%
more
76%
But
75%
casket
75%
for
75%
For
75%
got
75%
off
75%
or
75%
she
75%
tiger
75%
life
73%
movie,
73%
never
73%
(Yeah)
73%
yeah,
73%
'Cause
71%
‘Cause
71%
fuck?
71%
land?
71%
like
71%
set
71%
them
71%
who's
71%
already
69%
fairest
69%
Mirror,
69%
mirror,
69%
sleep,
69%
upset
69%
You’re
69%
you're
69%
amigos,
67%
come
67%
Katy
67%
keep
67%
much
67%
need
67%
Nicki
67%
opinions
67%
queen
67%
sheep
67%
When?
67%
with
67%
as
65%
from
65%
name
65%
out
65%
than
65%
back,
63%
comin'
63%
keeps
63%
less
63%
minute,
63%
mouth
63%
shellfish
63%
that
63%
today
63%
tryna
63%
around
61%
double
61%
gettin'
61%
haters
61%
lose
61%
make
61%
number
61%
stick
61%
used
61%
will
61%
by
59%
honey,
59%
kiss
59%
liar,
59%
makin'
59%
Offset
59%
Pink
59%
tan
59%
despise
57%
game
57%
hits
57%
joker
57%
M's,
57%
should
57%
Silly
57%
Stan
57%
tired.
57%
Funny
55%
generous
55%
man,
55%
retire
55%
calm,
53%
checks
53%
dance
53%
deck
53%
even
53%
karma's
53%
love
53%
obsessed
53%
rap
53%
ring
53%
couldn't
51%
disguise
51%
expired
51%
fake
51%
fan
51%
killer
51%
only
51%
star,
51%
beefs
49%
coupon
49%
far
49%
calculated
47%
Queens,
47%
sliders
47%
believe
45%
best
45%
Damn,
45%
old
45%
receipts
45%
strut
45%
baby
43%
Ferragamo
43%
stay
43%
cute
41%
take
41%
Ran?
39%
rock
39%
shit,
39%
showin'
39%
'bout
37%
courtside
37%
dubstep
37%
god
37%
tell
37%
pimp
35%
would
35%
that's
33%
guy
31%
ridin'
31%
star's
31%
thought
31%
winnin',
31%
cup,
29%
goodbye,
29%
lay
27%
Ass
24%
Biggz,
20%
shooters'll
14%
No matching quizzes found
Score Distribution
Percent of People with Each Score
Percentile by Number Answered
Your Score History
You have not taken this quiz